| 000 | 00673cac a22002175a 4500 | ||
|---|---|---|---|
| 005 | 20201128013247.0 | ||
| 008 | 081104s2002 nyua frb 001 0 eng d | ||
| 020 | _a9780333945711 | ||
| 040 |
_aEG-ScBUE _beng _cEG-ScBUE _dEG-ScBUE |
||
| 082 | 0 | 4 |
_a301.21 _bINT _222 |
| 245 | 0 | 0 |
_aIntroductory sociology / _cTony Bilton ... [et. al.] |
| 250 | _a4th ed. | ||
| 260 |
_aNew York : _bPalgrave Macmillan, _c2002. |
||
| 300 |
_axxxiii, 596 p. : _bill. ; _c24 cm. |
||
| 504 | _aIncludes bibliographical references and indexes. | ||
| 650 | 7 |
_aSociology. _9718 _2BUEsh |
|
| 653 |
_bBUSECO _cSeptember2017 |
||
| 655 |
_vText book _933728 |
||
| 700 | 1 |
_aBilton, Tony. _9803 |
|
| 942 | _2ddc | ||
| 999 |
_c2964 _d2964 |
||